| 000 | 00519nam a22001697a 4500 | ||
|---|---|---|---|
| 005 | 20260318181205.0 | ||
| 008 | 260318b |||||||| |||| 00| 0 eng d | ||
| 020 | _a9780072346312 | ||
| 050 |
_aHD31 _b.J597 |
||
| 100 | _aJones, Gareth R. | ||
| 245 |
_aContemporary Management _cGareth R. Jones, Jennifer M. George & Charles W. L. Hill |
||
| 260 |
_aBoston _bIrwin/ McGraw-Hill _c2000 |
||
| 300 |
_axxii. 778p. _bill. color _c26cm |
||
| 700 | _aGeorge, Jennifer M. | ||
| 700 | _aHill, Charles W. L. | ||
| 942 |
_2lcc _cBK _n0 |
||
| 999 |
_c9114 _d9114 |
||